000 02673nam a2200301 i 4500
001 194407
003 ES-MaACL
005 20250806063150.0
008 240914s2024 sp ||||| |||| 00| 0 spa d
017 _aB 2020-2024
020 _a9788491996385
040 _cES-MaACL
100 1 _aSánchez Ron, José Manuel,
_d1949-
_eaut
_9102904
245 1 3 _aEl canon oculto :
_buna nueva biblioteca de Alejandría para la ciencia /
_cJosé Manuel Sánchez Ron
250 _aPrimera edición: abril de 2024
260 _aBarcelona :
_bCrítica,
_c[2024]
300 _a670 pág. ;
_c26 cm
500 _aEl propósito de este libro es el de rebatir la tan extendida costumbre que conforma los cánones de lo mejor que la humanidad ha producido a lo largo de la historia incluyendo únicamente obras de literatura, con ocasionales textos de filosofía e historia. Con la excepción de The Origin of Species de Charles Darwin, rara vez asoman en esos cánones textos de ciencia, como si la lectura, el conocimiento de éstos no formase parte de la Cultura, y no pudiesen dar a sus lectores placer, además de acceso a lo mejor de la sabiduría que los humanos han producido. Para cumplir con semejante fin, el autor, el académico de la RAE, Premio Nacional de Ensayo, José Manuel Sánchez Ron, ha seleccionado cien libros que sobresalen en la historia de la ciencia, hasta el punto que se puede decir de esta obra que constituye una nueva Biblioteca de Alejandría para la ciencia, en la que figuran los mejores científicos de la historia, personalidades como Aristóteles, Galeno, Galileo, Newton, Euler, Lavoisier, Buffon, Darwin, Maxwell, Einstein, Fossey, Dawkins o Hawking, entre muchos otros. Cada uno de los cien capítulos que componen este Canon oculto se centra en uno de esos libros capitales, explicando su contexto e importancia, al mismo tiempo que se dan detalles del autor, todo ello completado con la reproducción de algún texto representativo de la obra en cuestión, elegido teniendo en cuenta la facilidad de comprensión para los lectores.
650 4 _910954
_aCiencia-
_vHistoria
650 7 _9150744
_aCanon (Literatura)
852 _aES-MaACL
_cDEPOJ
_jN-9900
_gDedicatoria autógrafa del autor
_hDonación: José Manuel Sánchez Ron
_bR.155121
_xEncuadernación cartoné con sobrecubierta
_z205814
903 _aSánchez Ron, José Manuel,
_d1949-
_ednr
_9102904
942 _n0
_cMONOGRAFIA
999 _c194407
_d194407